El juicio ordinario de mayor cuantía

Bewaard in:
Bibliografische gegevens
Hoofdauteur: Anabalón Sanderson, Carlos (Auteur)
Formaat: Boek
Taal:Spaans
Gepubliceerd in: Santiago El Jurista 2015
Editie:1a. ed
Reeks:Clásicos del Derecho
Onderwerpen:
Tags: Voeg label toe
Geen labels, Wees de eerste die dit record labelt!

MARC

LEADER 00000cam a2200000 a 4500
001 UCD0521
003 CL-VaPUC
008 151204e20150000cl |||||||||||||||||spa|d
020 |a 9789568839673 
082 0 4 |a 347.01  |b ANA  |2 21 
100 0 |a Anabalón Sanderson, Carlos  |e author  |9 583496 
245 1 3 |a El juicio ordinario de mayor cuantía 
250 |a 1a. ed 
300 |a 517 p 
942 |c BK 
945 |d 20151204 12:43:00  |a dcastane 
260 |a Santiago  |b El Jurista  |c 2015 
500 |a La obra incluye: explicaciones del libro II del Código de Procedimiento Civil chileno. Citas de autores y jurisprudencia. Índices alfabético y por materias. Notas complementarias al final de la obra 
650 0 |a Poder judicial  |9 254871 
650 7 |a MAYOR CUANTIA  |2 CL-VaPUC  |9 568191 
583 |a last modification  |c 20151204 12:43:00  |k Rodrigo Vera 
490 0 |a Clásicos del Derecho 
999 |c 362022  |d 362020 
952 |0 0  |1 0  |3 erb  |4 0  |6 347_010000000000000_ANA_2015  |7 0  |8 A  |9 472867  |a BIBDER  |b BIBDER  |i 5254612  |l 3  |m 2  |o 347.01 ANA 2015  |p 5254612  |r 2023-06-06  |s 2023-05-18  |w 2019-11-24  |y BK  |z Catalogado en:20151204  |k DER